LEADER 01345nam2 2200373 450 001 996674682303316 005 20250922194811.0 100 $a20250909d1981----km y0itay5003 ba 101 0 $aita 102 $aIT 105 $ay 00 y 200 1 $aVerner von Heidenstam$f[a cura di Carlo Picchio] 210 $aMilano$cClub degli editori$d1981 215 $aXXXIV, 746 p.$c1 ritratto$d20 cm 225 2 $aPremi Nobel 300 $aIn copertina: 1916 300 $aEdizione speciale del Club degli editori su licenza della casa editrice Sonzogno e della Rizzoli editore 300 $aContiene: Anni di peregrinazioni e di vagabondaggio ; Hans Alienus ; I soldati di Carlo 12. ; Il pellegrinaggio di santa Brigida ; Quando fiorivano i castagni 410 0$1001996673778603316$12001$aPremi Nobel 540 1 $aAnni di peregrinazioni e di vagabondaggio 540 1 $aHans Alienus 540 1 $a<> soldati di Carlo 12. 540 1 $a<> pellegrinaggio di santa Brigida 540 1 $aQuando fiorivano i castagni 676 $a839.736 700 1$aHEIDENSTAM,$bVerner : von$0440644 702 1$aPICCHIO,$bCarlo 801 0$aIT$bcba$gREICAT 912 $a996674682303316 951 $aXVI.7. Coll. 32/ 15$bFBUO$cXVI.7. Coll. 959 $aBK 969 $aFBUO 996 $aVerner von Heidenstam$93643112 997 $aUNISA